00295nam a2200097Ia 45000010005000000080041000050820026000461000054000722450047001262600024001732884241024s9999 xx 000 0 und d a[*SIN CLASIFICACION*] aInstituto Nacional de Coordinaci[on de Transporte 0aCinco años de gestión 2008-2012 INCORT bSanto Domingoc2013